000 00461nam a2200181Ia 4500
005 20240913130036.0
008 240913s9999||||xx |||||||||||||| ||und||
041 _aENGLISH
082 _A534 Q8
100 _aSpeaks,Charles E
245 0 _aIntroduction to Sound
250 _a4th
260 _c2018
_bPlural Publishin
500 _aREFERENCE
650 _aAudiology Speech and Language Pathology
_bAllied Health Science
942 _cREF
999 _c246832
_d246832